| 000 | 00650nam a2200193 a 4500 | ||
|---|---|---|---|
| 008 | 120416s1988 ||||||||||||||||| || u | ||
| 020 | _a0340486155 | ||
| 050 | _aHG 3881 Sam | ||
| 100 | _aSampson, Anthony | ||
| 245 | 1 | 4 | _aThe money lenders |
| 246 | _abankers in a dangerous world | ||
| 260 |
_aKent _bCoronet Books _c1988 |
||
| 300 | _a385p. | ||
| 350 | _a0.00 | ||
| 650 | _aBANKS AND BANKING--DEVELOPING COUNTRIES | ||
| 650 | _aBANKERS | ||
| 650 | _aBANKS AND BANKING--INTERNATIONAL | ||
| 995 |
_D0.00 _FCBU-MAIN LIBRARY (Kitwe) _H1 _I4.50 _M1 _UAVAILABLE _ZAnnex Low-Usage Collection |
||
| 999 |
_c51612 _d51612 |
||